000 00258nam a2200109Ia 4500
008 200302s9999 xx 000 0 und d
100 _aRobin Cohen & Other
245 _aGlobal Sociology
260 _bPublished By Palgrave
260 _c2000
300 _a408 P.,
999 _c5488
_d5488